Faculty of Law Library — Cairo University

Official Online Catalog

The Status of Aliens in Egypt Since 1937, with a Sketch of the Historical Development of Their Position and a Comparison of the Present Law in Egypt with the British Law as to Aliens / (Record no. 62602)

MARC details
000 -LEADER
fixed length control field 01515nam a2200385 i 4500
003 - CONTROL NUMBER IDENTIFIER
control field EG-GICUC
005 - أخر تعامل مع التسجيلة
control field 20260211133059.0
008 - FIXED-LENGTH DATA ELEMENTS--GENERAL INFORMATION
fixed length control field 260211s1948 -uk |||| |||| 00| 0 eng d
040 ## - CATALOGING SOURCE
Original cataloguing agency EG-GICUC
Transcribing agency EG-GICUC
Modifying agency EG-GICUC
Description conventions rda
Language of cataloging: eng
041 0# - LANGUAGE CODE
Language code of text/sound track or separate title eng
Language code of summary or abstract eng
Language code of sung or spoken text eng
049 ## - Acquisition Source
Acquisition Source Deposit
082 04 - DEWEY DECIMAL CLASSIFICATION NUMBER
Edition number 21
Classification number 348.8042
097 ## - Degree
Degree Ph.D
099 ## - LOCAL FREE-TEXT CALL NUMBER (OCLC)
Local Call Number Law 12 PHD 1948
100 0# - MAIN ENTRY--PERSONAL NAME
Authority record control number or standard number Barakat
Preparation Author.
245 12 - TITLE STATEMENT
Title The Status of Aliens in Egypt Since 1937, with a Sketch of the Historical Development of Their Position and a Comparison of the Present Law in Egypt with the British Law as to Aliens /
Statement of responsibility, etc. by G.D. Barakat.
264 #0 - PRODUCTION, PUBLICATION, DISTRIBUTION, MANUFACTURE, AND COPYRIGHT NOTICE
Place of production, publication, distribution, manufacture England :
Name of producer, publisher, distributor, manufacturer University of Oxford - Oriel College,
Date of production, publication, distribution, manufacture, or copyright notice 1948.
300 ## - PHYSICAL DESCRIPTION
Extent 336 Pages ;
Dimensions 24 cm.
336 ## - CONTENT TYPE
Source rda content
Content type term Text
337 ## - MEDIA TYPE
Source rda media
Media type term unmediated
338 ## - CARRIER TYPE
Source rda carrier
Carrier type term volume
500 ## - General note
General note Eng.
502 ## - DISSERTATION NOTE
Dissertation note PHD Thesis - University of Oxford, Oriel College, Department of Private International Law , 1948.
504 ## - BIBLIOGRAPHY, ETC. NOTE
Bibliography, etc. note Includes bibliographic references.
546 ## - LANGUAGE NOTE
Text Language Text in English and abstract in English.
650 04 - SUBJECT ADDED ENTRY--TOPICAL TERM
Topical term or geographic name entry element Private International Law
653 #0 - INDEX TERM--UNCONTROLLED
Uncontrolled term .
655 #4 - INDEX TERM--GENRE/FORM
Genre/form data or focus term University theses
Geographic subdivision University of Oxford
General subdivision Department of Private International Law
700 0# - ADDED ENTRY--PERSONAL NAME
Personal name .
Relator term Annotator.
710 2# - ADDED ENTRY--CORPORATE NAME
Corporate name or jurisdiction name as entry element University of Oxford.
Subordinate unit Oriel College
856 ## - ELECTRONIC LOCATION AND ACCESS
Uniform Resource Identifier <a href="https://fll.law.cu.edu.eg/fulltext/th/T12-00374.pdf">https://fll.law.cu.edu.eg/fulltext/th/T12-00374.pdf</a>
900 ## - Thesis Information
Grant date 1948
Universities Cairo University
Faculties Faculty of Law
Department Department of Private International Law
905 ## - Cataloger and Reviser Names
Cataloger Name: Hoda
942 ## - ADDED ENTRY ELEMENTS (KOHA)
Source of classification or shelving scheme Dewey Decimal Classification
Suppress in OPAC No
Koha item type Thesis
Edition 21
Holdings
Source of classification or shelving scheme Collection Home library Current library Date acquired Full call number Barcode Date last seen Copy number Effective from Koha item type
Dewey Decimal Classification القانون الدولي الخاص جــــامعة القــاهرة مكتبة كلية الحقوق - المبنى الرئيسي 11.02.2026 Law1 ENG 12 PHD 1948 1200374 C1 T12-00374 11.02.2026 1 11.02.2026 Thesis

© All rights reserved — Faculty of Law, Cairo University